<?xml version="1.0" encoding="UTF-8"?>
<record
    xmlns:xsi="http://www.w3.org/2001/XMLSchema-instance"
    xsi:schemaLocation="http://www.loc.gov/MARC21/slim http://www.loc.gov/standards/marcxml/schema/MARC21slim.xsd"
    xmlns="http://www.loc.gov/MARC21/slim">

  <leader>00788nam a22002057a 4500</leader>
  <controlfield tag="005">20250407101222.0</controlfield>
  <controlfield tag="008">250207b           ||||| |||| 00| 0 eng d</controlfield>
  <datafield tag="040" ind1=" " ind2=" ">
    <subfield code="c">AL</subfield>
  </datafield>
  <datafield tag="041" ind1=" " ind2=" ">
    <subfield code="a">Konkani</subfield>
  </datafield>
  <datafield tag="082" ind1=" " ind2=" ">
    <subfield code="2">23</subfield>
    <subfield code="a">891.461</subfield>
    <subfield code="b">MHAS</subfield>
  </datafield>
  <datafield tag="100" ind1=" " ind2=" ">
    <subfield code="a">Uday Narasinha Mhambro</subfield>
    <subfield code="9">207628</subfield>
  </datafield>
  <datafield tag="100" ind1=" " ind2=" ">
    <subfield code="b">&#xC89;&#xCA6;&#xCAF;  &#xCA8;&#xCB0;&#xCB8;&#xCBF;&#xC82;&#xCB9;&#xCCD; &#xCAE;&#xCCD;&#xCB9;&#xCBE;&#xCE6;&#xCAC;&#xCCD;&#xCB0;&#xCCA; </subfield>
    <subfield code="9">207627</subfield>
  </datafield>
  <datafield tag="245" ind1=" " ind2=" ">
    <subfield code="a">Sopnnantlea Gamvachi Vatt</subfield>
    <subfield code="b">&#xCB8;&#xCAA;&#xCCD;&#xCA3;&#xCBE;&#xC82;&#xCA4;&#xCCD; &#xCB2;&#xCCD;&#xCAF;&#xCBE; &#xC97;&#xCBE;&#xC82;&#xCB5;&#xCCD;&#xC9A;&#xCBF; &#xCB5;&#xCBE;&#xC9F;&#xCCD;</subfield>
  </datafield>
  <datafield tag="260" ind1=" " ind2=" ">
    <subfield code="a"> Maharashtra </subfield>
    <subfield code="b"> Ashavadi Prakashana </subfield>
    <subfield code="c">2025</subfield>
  </datafield>
  <datafield tag="300" ind1=" " ind2=" ">
    <subfield code="a">75 p.</subfield>
    <subfield code="b">PB</subfield>
    <subfield code="c">21x13.5 cm.</subfield>
  </datafield>
  <datafield tag="365" ind1=" " ind2=" ">
    <subfield code="a">AP-J-04</subfield>
    <subfield code="b">&#x20B9;120.00</subfield>
    <subfield code="c">&#x20B9;</subfield>
    <subfield code="d">&#x20B9;150.00</subfield>
    <subfield code="e">20%</subfield>
    <subfield code="f">20-01-2025</subfield>
  </datafield>
  <datafield tag="650" ind1=" " ind2=" ">
    <subfield code="a">Konkani Poetry</subfield>
    <subfield code="9">198271</subfield>
  </datafield>
  <datafield tag="700" ind1=" " ind2=" ">
    <subfield code="a">QUADROS (Valley) Ed Tr</subfield>
    <subfield code="b">&#xC95;&#xCCD;&#xCB5;&#xCBE;&#xCA1;&#xCCD;&#xCB0;&#xCB8;&#xCCD; (&#xCB5;&#xCB2;&#xCCD;&#xCB2;&#xCBF;)</subfield>
    <subfield code="9">198274</subfield>
  </datafield>
  <datafield tag="942" ind1=" " ind2=" ">
    <subfield code="2">ddc</subfield>
    <subfield code="c">BK</subfield>
  </datafield>
  <datafield tag="999" ind1=" " ind2=" ">
    <subfield code="c">233726</subfield>
    <subfield code="d">233726</subfield>
  </datafield>
  <datafield tag="952" ind1=" " ind2=" ">
    <subfield code="0">0</subfield>
    <subfield code="1">0</subfield>
    <subfield code="2">ddc</subfield>
    <subfield code="4">0</subfield>
    <subfield code="7">0</subfield>
    <subfield code="8">KON</subfield>
    <subfield code="a">AL</subfield>
    <subfield code="b">AL</subfield>
    <subfield code="d">2025-02-04</subfield>
    <subfield code="e">Ashawadi Prakashan Maharashtra-400701</subfield>
    <subfield code="g">120.00</subfield>
    <subfield code="l">0</subfield>
    <subfield code="o">891.461 MHAS</subfield>
    <subfield code="p">077588</subfield>
    <subfield code="r">2025-02-07 00:00:00</subfield>
    <subfield code="v">150.00</subfield>
    <subfield code="w">2025-02-07</subfield>
    <subfield code="y">BK</subfield>
  </datafield>
  <datafield tag="952" ind1=" " ind2=" ">
    <subfield code="0">0</subfield>
    <subfield code="1">0</subfield>
    <subfield code="2">ddc</subfield>
    <subfield code="4">0</subfield>
    <subfield code="7">0</subfield>
    <subfield code="8">KON</subfield>
    <subfield code="a">AL</subfield>
    <subfield code="b">AL</subfield>
    <subfield code="d">2025-02-04</subfield>
    <subfield code="e">Ashawadi Prakashan Maharashtra-400701</subfield>
    <subfield code="g">120.00</subfield>
    <subfield code="l">0</subfield>
    <subfield code="o">891.461 MHAS</subfield>
    <subfield code="p">077589</subfield>
    <subfield code="r">2025-02-07 00:00:00</subfield>
    <subfield code="v">150.00</subfield>
    <subfield code="w">2025-02-07</subfield>
    <subfield code="y">BK</subfield>
  </datafield>
  <datafield tag="952" ind1=" " ind2=" ">
    <subfield code="0">0</subfield>
    <subfield code="1">0</subfield>
    <subfield code="2">ddc</subfield>
    <subfield code="4">0</subfield>
    <subfield code="7">0</subfield>
    <subfield code="8">KON</subfield>
    <subfield code="a">AL</subfield>
    <subfield code="b">AL</subfield>
    <subfield code="d">2025-02-04</subfield>
    <subfield code="e">Ashawadi Prakashan Maharashtra-400701</subfield>
    <subfield code="g">120.00</subfield>
    <subfield code="l">0</subfield>
    <subfield code="o">891.461 MHAS</subfield>
    <subfield code="p">077590</subfield>
    <subfield code="r">2025-02-07 00:00:00</subfield>
    <subfield code="v">150.00</subfield>
    <subfield code="w">2025-02-07</subfield>
    <subfield code="y">BK</subfield>
  </datafield>
</record>
